| 000 | 00516nam a2200121Ia 4500 | ||
|---|---|---|---|
| 008 | 220615s9999||||xx |||||||||||||| ||und|| | ||
| 100 | _aX. San Liang||Yuanzhi Zhang | ||
| 245 | 0 | _aCoastal Environment, Disaster, and Infrastructure - A Case Study of China's Coastline | |
| 546 | _aEnglish[eng] | ||
| 650 | _aLife Sciences||Earth Science||Oceanography||Environmental Sciences | ||
| 856 | _uhttps://www.intechopen.com/books/coastal-environment-disaster-and-infrastructure-a-case-study-of-china-s-coastline | ||
| 942 | _cEB | ||
| 999 |
_c11348 _d11348 |
||